| 000 | 00720nam a2200205 a 4500 | ||
|---|---|---|---|
| 003 | 0 | ||
| 005 | 20250226162729.0 | ||
| 008 | 100826s19uu xx 00 eng d | ||
| 050 |
_aPGS S 667.M3 _b.K16 2010 |
||
| 100 | _aKang, Charles. | ||
| 245 |
_aThe use of liquid and dried carabao manure on tomato plants / _cCharles Kang. |
||
| 260 |
_aLas PiƱas City, Philippines : _bSouthville International School and Colleges, _c2010. |
||
| 300 |
_a14 pages : _billustrations ; _c28 cm. |
||
| 504 | _aIncludes bibliographical references. | ||
| 650 |
_aTomatoes _vFertilizer. |
||
| 650 | _aManure as fertilizer. | ||
| 650 |
_aOrganic fertilizers _vEffectiveness. |
||
| 650 |
_aSoil amendments _vOrganic. |
||
| 942 |
_2lcc _cPASS |
||
| 999 |
_c98357 _d98357 |
||